[Event "Miedzyzdroje OB Seniors 24th"]
[Site "Miedzyzdroje"]
[Date "2016.06.22"]
[Round "6"]
[White "Solek, Zenon"]
[Black "Nauschuetz, Ernst"]
[Result "1/2-1/2"]
[WhiteElo "1831"]
[BlackElo "1985"]
[PlyCount "160"]
[EventDate "2016.06.17"]
[EventType "swiss"]
[EventRounds "9"]
[EventCountry "POL"]
[SourceTitle "EXT 2019"]
[Source "ChessBase"]
[SourceDate "2018.10.10"]
[SourceVersion "1"]
[SourceVersionDate "2018.10.10"]
[SourceQuality "1"]

1. e4 c5 2. Nf3 g6 3. c4 Nc6 4. d4 cxd4 5. Nxd4 Nf6 6. Nc3 d6 7. Nc2 Bg7 8. Be2 0-0 9. 0-0 Nd7 10. Bd2 a5 11. Rb1 Nc5 12. f3 f5 13. Be3 Be6 14. Nd4 Nxd4 15. Bxd4 fxe4 16. Bxg7 Kxg7 17. Qd4+ Kg8 18. fxe4 Rxf1+ 19. Rxf1 Qb6 20. Nb5 Rc8 21. h3 Nd7 22. b3 Qc5 23. Qxc5 Nxc5 24. Nc3 Rf8 25. Rxf8+ Kxf8 26. Kf2 Kf7 27. Ke3 Kf6 28. Kf4 g5+ 29. Ke3 Ke5 30. Bd1 Bf7 31. Bf3 Bg6 32. g3 e6 33. Bg2 Be8 34. Nd1 h5 35. Nf2 b6 36. Bf3 Bg6 37. Bg2 Na6 38. Nd3+ Kf6 39. a3 Nc5 40. Nc1 Ke5 41. b4 axb4 42. axb4 Na6 43. Nd3+ Kf6 44. Kd4 Ke7 45. Bf3 Kd7 46. Kc3 e5 47. Nb2 Nb8 48. Na4 Kc7 49. c5 bxc5 50. bxc5 Nc6 51. cxd6+ Kxd6 52. Nb2 h4 53. Nc4+ Kc5 54. gxh4 gxh4 55. Nd2 Bf7 56. Bg4 Nd4 57. Kd3 Kb4 58. Bd7 Bb3 59. Bg4 Bc2+ 60. Ke3 Kc3 61. Nf3 Nxf3 62. Bxf3 Ba4 63. Bg4 Bc6 64. Bf5 Kc4 65. Bc8 Be8 66. Bf5 Bh5 67. Bc8 Kc5 68. Bf5 Kd6 69. Bc8 Ke7 70. Bf5 Kf6 71. Bc8 Kg5 72. Bf5 Be8 73. Bg4 Bb5 74. Bf5 Ba4 75. Bg4 Bb3 76. Bd7 Bd1 77. Be6 Bh5 78. Bf5 Bd1 79. Bd7 Bh5 80. Be6 Bd1 1/2-1/2

[Event "Miedzyzdroje OB Seniors 24th"]
[Site "Miedzyzdroje"]
[Date "2016.06.20"]
[Round "4"]
[White "Solek, Zenon"]
[Black "Santura, Janusz"]
[Result "1/2-1/2"]
[WhiteElo "1831"]
[BlackElo "1701"]
[PlyCount "30"]
[EventDate "2016.06.17"]
[EventType "swiss"]
[EventRounds "9"]
[EventCountry "POL"]
[SourceTitle "EXT 2019"]
[Source "ChessBase"]
[SourceDate "2018.10.10"]
[SourceVersion "1"]
[SourceVersionDate "2018.10.10"]
[SourceQuality "1"]

1. e4 c6 2. d4 d5 3. Nc3 b5 4. e5 Bf5 5. Bd3 Bxd3 6. Qxd3 e6 7. Nge2 Nd7 8. Qg3 b4 9. Na4 Qa5 10. b3 c5 11. Bd2 cxd4 12. Nxd4 Qc7 13. Nf3 Ne7 14. 0-0 Nf5 15. Qf4 h5 1/2-1/2

[Event "Polanica Zdroj op-B 47th"]
[Site "Polanica Zdroj"]
[Date "2011.??.??"]
[Round "2"]
[White "Olszewski, Jerzy"]
[Black "Solek, Zenon"]
[Result "1-0"]
[WhiteElo "1885"]
[BlackElo "1883"]
[PlyCount "105"]
[EventDate "2011.08.18"]
[EventType "swiss"]
[EventRounds "9"]
[EventCountry "POL"]
[SourceTitle "CBM 144 Extra"]
[Source "ChessBase"]
[SourceDate "2011.10.28"]
[SourceVersion "1"]
[SourceVersionDate "2011.10.28"]
[SourceQuality "1"]

1. e4 c5 2. Nc3 Nc6 3. g3 g6 4. Bg2 Bg7 5. Nge2 e6 6. 0-0 Nge7 7. d3 Rb8 8. Bf4 d6 9. Qc1 b5 10. Bh6 0-0 11. Bxg7 Kxg7 12. b3 h6 13. f4 b4 14. Nd1 Nd4 15. Qd2 Nec6 16. a4 Qf6 17. Rc1 Rd8 18. Ne3 Nxe2+ 19. Qxe2 Qc3 20. Qf2 Ne7 21. Kh1 Qd4 22. Qe2 f5 23. Nc4 Qf6 24. e5 dxe5 25. Nxe5 Bb7 26. Rfe1 Bxg2+ 27. Qxg2 Rb6 28. Re2 Nd5 29. Rce1 Qe7 30. Nc4 Ra6 31. Re5 Kf7 32. Kg1 h5 33. h4 Kf6 34. Nd2 Rdd6 35. Qf2 Qc7 36. Nf3 Rdc6 37. Ng5 Rd6 38. Kh2 Rdc6 39. Kh3 Rd6 40. Qg2 Qc6 41. Kh2 Qc7 42. Nxe6 Rxe6 43. Qxd5 Rxe5 44. fxe5+ Kg7 45. Kg2 Qc6 46. Qxc6 Rxc6 47. Kf3 Kf7 48. Kf4 Ke6 49. Kg5 Kd5 50. e6 Rxe6 51. Rxe6 Kxe6 52. Kxg6 Kd5 53. Kxh5 1-0

[Event "Polanica Zdroj op-B 47th"]
[Site "Polanica Zdroj"]
[Date "2011.??.??"]
[Round "3"]
[White "Zielinski, Andrzej"]
[Black "Solek, Zenon"]
[Result "0-1"]
[WhiteElo "1618"]
[BlackElo "1883"]
[PlyCount "88"]
[EventDate "2011.08.18"]
[EventType "swiss"]
[EventRounds "9"]
[EventCountry "POL"]
[SourceTitle "CBM 144 Extra"]
[Source "ChessBase"]
[SourceDate "2011.10.28"]
[SourceVersion "1"]
[SourceVersionDate "2011.10.28"]
[SourceQuality "1"]

1. d4 f5 2. c4 g6 3. Nf3 Nf6 4. Nc3 Bg7 5. h3 0-0 6. Bf4 d6 7. e3 c6 8. Qb3 Qb6 9. Qc2 Na6 10. a3 Re8 11. Be2 Nh5 12. Bh2 e5 13. Rd1 Qc7 14. 0-0 Qe7 15. d5 Nc7 16. Qd2 Rd8 17. Ne1 Nf6 18. f4 e4 19. Nc2 cxd5 20. Nb4 dxc4 21. Bxc4+ Be6 22. Nbd5 Nfxd5 23. Nxd5 Nxd5 24. Bxd5 Qf7 25. Bxe6 Qxe6 26. Qb4 Rd7 27. Bg3 Rc8 28. Rd2 Qc4 29. Qxc4+ Rxc4 30. Rfd1 Rc6 31. Be1 Rb6 32. Rb1 Kf7 33. Rc2 Rb3 34. Bc3 Bxc3 35. Rxc3 Rxc3 36. bxc3 Ke6 37. Kf2 Rc7 38. Rc1 Rc4 39. Ke2 Kd5 40. Kd2 Ra4 41. Ra1 Kc4 42. Kc2 Ra5 43. g4 b6 44. g5 Rd5 0-1

[Event "Chorzow op"]
[Site "Chorzow"]
[Date "2010.03.20"]
[Round "1"]
[White "Solek, Zenon"]
[Black "Polap, Miroslaw"]
[Result "1-0"]
[WhiteElo "1895"]
[BlackElo "1675"]
[PlyCount "75"]
[EventDate "2010.03.20"]
[EventType "swiss"]
[EventRounds "9"]
[EventCountry "POL"]
[SourceTitle "EXT 2012"]
[Source "ChessBase"]
[SourceDate "2011.11.24"]
[SourceVersion "1"]
[SourceVersionDate "2011.11.24"]
[SourceQuality "1"]

1. e4 e5 2. f4 exf4 3. Nf3 Bc5 4. d4 Bb6 5. Bxf4 d6 6. Nbd2 a6 7. c3 Ne7 8. Bd3 0-0 9. 0-0 Bg4 10. Qc2 Ng6 11. Bg3 Nc6 12. h3 Bd7 13. Kh1 Nce7 14. Nc4 Ba7 15. e5 d5 16. Ne3 c5 17. Bxg6 hxg6 18. Bh4 Bc6 19. Rfd1 Qc7 20. dxc5 Bxc5 21. Bxe7 Qxe7 22. Nxd5 Bxd5 23. Rxd5 Rac8 24. Rad1 Rfd8 25. Qd3 Rxd5 26. Qxd5 Rc6 27. Qd8+ Qf8 28. Rd7 b6 29. Qh4 g5 30. Nxg5 Rh6 31. Qc4 Be7 32. Ne4 b5 33. Qc7 Re6 34. Ng3 g6 35. Ne2 Qe8 36. Rd5 Bf6 37. exf6 Rxe2 38. Rd8 1-0